| 000 | 00662nam 22002173 4500 | ||
|---|---|---|---|
| 001 | 202844 | ||
| 010 | _a978-989-53429-5-2 | ||
| 021 |
_aPT _b501960/22 |
||
| 090 | _a202844 | ||
| 100 | _a20260702d u||y0pory50 ba | ||
| 200 |
_aInácia, a galinha sindicalista _ftexto Dora Santos Rosa _gilustrações Felisbela Fonseca |
||
| 205 | _a2ª | ||
| 210 |
_aLisboa _cLivraria Tigre de Papel _d2022 |
||
| 215 |
_a[36] p. _cil. ; encadernado _d21 cm |
||
| 606 |
_922 _aLiteratura Infantil Portuguesa |
||
| 675 |
_a821.134.3-93 _vPT _zpor |
||
| 700 |
_917693 _aRosa _bDora Santos |
||
| 702 |
_917694 _aFonseca _bFelisbela |
||
| 801 |
_aPT _bBMMN _gRPC |
||
| 830 | _cIsabel | ||
| 990 | _cLIVROS | ||